000 01266nam0a22002771 4500
001 rc\4161792
005 20260406115240.0
021 _aRU
_b[50-23533]
035 _a(NLR Aleph) 008176835
090 _a7889852
_c7889852
100 _a20130415d1950 |||y0rusy50 ca
101 0 _arus
102 _aRU
105 _aab z |||c|
200 1 _aСоветский Таджикистан
_e(Очерки по экон. географии)
_f[Гл. ред. акад. Е.Н. Павловский]
_gАкад. наук СССР. Тадж. филиал. Сектор экономики
210 _aСталинабад
_cИзд-во и тип. Изд-ва ТФАН СССР
_d1950
215 _a173 с., 1 л. карт.
_cил., карт.
_d26
320 _aБиблиогр.: с. 166-172 (183 назв.) и в тексте
607 _aТаджикская ССР
_xЭкономическая география
_2psbo
702 1 _4570
_7ca
_8rus
_aПавловский
_bЕ. Н.
_f1884-1965
_gЕвгений Никанорович
_9176841
_3RU\NLR\AUTH\770176892
712 0 2 _aАН СССР
_bТаджикский филиал
_3RU\NLR\AUTH\8811511
_9295702
801 0 _aRU
_bNLR
_gpsbo
801 1 _aRU
_bELAR
_2rusmarc
852 _aNLR
_jГ20 Г-7/40
942 _cBOOK
980 _aNB